[Event "Zhukovsky Elo-D"]
[Site "Zhukovsky"]
[Date "2008.01.20"]
[Round "9"]
[White "Kornyukhin, Stepan"]
[Black "Mokhov, Anatoly"]
[Result "0-1"]
[WhiteElo "1855"]
[BlackElo "1889"]
[PlyCount "120"]
[EventDate "2008.01.02"]
[EventType "tourn"]
[EventRounds "9"]
[EventCountry "RUS"]
[SourceTitle "EXT 2010"]
[Source "ChessBase"]
[SourceDate "2010.11.25"]
[SourceVersion "1"]
[SourceVersionDate "2010.11.25"]
[SourceQuality "1"]

1. b3 Nf6 2. Bb2 e6 3. Nf3 Be7 4. g3 0-0 5. Bg2 c6 6. a3 d5 7. 0-0 Nbd7 8. d3 Qc7 9. Nbd2 Ne8 10. b4 Bf6 11. d4 g6 12. c4 Ng7 13. e4 dxe4 14. Nxe4 Be7 15. c5 f5 16. Neg5 h6 17. Nh3 Nf6 18. Ne5 g5 19. Nc4 Nd5 20. Bxd5 exd5 21. Ne5 Bf6 22. f4 Bxe5 23. dxe5 g4 24. Nf2 Be6 25. h3 h5 26. Qd3 Qe7 27. a4 Rad8 28. h4 Rfe8 29. Rfc1 Kf7 30. b5 Kg6 31. Bd4 Rd7 32. a5 Rc7 33. b6 axb6 34. cxb6 Rcc8 35. Bc5 Qd8 36. Bd6 Bd7 37. Qe3 Ne6 38. Nd3 Ra8 39. Re1 Ra6 40. Nb4 Ra8 41. Qc3 Rg8 42. Nd3 Ra6 43. Nc5 Nxc5 44. Qxc5 Be6 45. Bc7 Qd7 46. Rad1 Raa8 47. Ra1 Kf7 48. Bd6 Qe8 49. Qc3 Qd7 50. Bb4 Rac8 51. Qc5 Ra8 52. Ra3 Qd8 53. Rae3 Qd7 54. Kf2 Rad8 55. Ra1 Ra8 56. Rea3 Ra6 57. Rd3 Qe8 58. Rad1 Qd7 59. Re3 Re8 60. Qc3 Rea8 0-1

[Event "Zhukovsky Elo-D"]
[Site "Zhukovsky"]
[Date "2008.01.12"]
[Round "6"]
[White "Onishchenko, Mikhail"]
[Black "Kornyukhin, Stepan"]
[Result "1-0"]
[WhiteElo "1913"]
[BlackElo "1855"]
[PlyCount "68"]
[EventDate "2008.01.02"]
[EventType "tourn"]
[EventRounds "9"]
[EventCountry "RUS"]
[SourceTitle "EXT 2010"]
[Source "ChessBase"]
[SourceDate "2010.11.25"]
[SourceVersion "1"]
[SourceVersionDate "2010.11.25"]
[SourceQuality "1"]

1. d4 b6 2. c4 Bb7 3. Nc3 g6 4. e4 Bg7 5. f4 e6 6. Nf3 Ne7 7. Be2 Nbc6 8. 0-0 0-0 9. b3 a6 10. Bb2 Na7 11. a4 d6 12. e5 Nf5 13. Qd2 a5 14. Rae1 Rb8 15. Bd1 Nc6 16. Nb5 Nb4 17. Bc3 c5 18. Bxb4 axb4 19. g4 Bxf3 20. gxf5 Bxd1 21. Rxd1 exf5 22. Nxd6 Qh4 23. Rf3 Bh6 24. Kh1 Rbd8 25. Rg1 cxd4 26. Nxf5 Qh5 27. Qd3 Bg7 28. Ne7+ Kh8 29. Rh3 Qxh3 30. Qxh3 d3 31. Nd5 h5 32. Qxd3 Kh7 33. Qh3 Rfe8 34. Qh4 Rd7 1-0